书目信息 |
| 题名: |
植物活性氧代谢及其利用
|
|
| 作者: | 王文斌 | |
| 分册: | ||
| 出版信息: | 北京 中国农业科学技术出版社 2011 |
|
| 页数: | 158 | |
| 开本: | 23cm | |
| 丛书名: | ||
| 单 册: | ||
| 中图分类: | Q945.1 | |
| 科图分类: | ||
| 主题词: | 植物生物学 | |
| 电子资源: | ||
| ISBN: | 7-5116-0499-6 | |
| 000 | 00554nam0 2200181 450 | |
| 001 | 1735846483 | |
| 005 | 20170410095726.48 | |
| 010 | @a7-5116-0499-6 | |
| 100 | @a20170410d km y0chiy0120 ea | |
| 101 | 0 | @achi |
| 200 | 1 | @a植物活性氧代谢及其利用@Azhi wu huo xing yang dai xie ji qi li yong@f王文斌@Fwang wen bin |
| 210 | @a北京@c中国农业科学技术出版社@d2011 | |
| 215 | @a158@d23cm | |
| 606 | 0 | @a植物生物学 |
| 690 | @aQ945.1@v4 | |
| 701 | 0 | @a王文斌@Awang wen bin |
| 801 | 0 | @aCN@b大连网信软件有限公司图书馆·11@c20170410 |
| 905 | @b6604276@dQ945.1@en6@f1 | |
| 植物活性氧代谢及其利用/王文斌.-北京:中国农业科学技术出版社,2011 |
| 158;23cm |
| ISBN 7-5116-0499-6: |
| ● |
| 相关链接 |
|
|
|
|
正题名:植物活性氧代谢及其利用
索取号:Q945.1/n6
 
预约/预借
| 序号 | 登录号 | 条形码 | 馆藏地/架位号 | 状态 | 备注 |
| 1 | 6604276 | 266042766 | 密集书库-生命科学系/ [索取号:Q945.1/n6] | 在馆 |